Quick Pick: Tourist Attractions by Continent Quiz Stats

Quiz Updated Feb 6, 2018

Challenge
Share
Tweet
Embed
Score 0/12 Timer 01:00
5 Plays Today
% Correct
Europe
96.1%
Asia
95.1%
Europe
94.2%
Oceania
91.1%
North America
88.8%
South America
88.8%
South America
87.6%
Africa
85.3%
Asia
84%
Oceania
72.1%
Africa
60.6%
North America
58%

Today's Daily Dose

Missing Word
Anagrams

On This Day
April 23rd II

You're not logged in!

Compare scores with friends on all Sporcle quizzes.
Sign Up with Email
OR
Log In

You Might Also Like...

Show Comments

Extras

Top Quizzes Today


Score Distribution

Your Account Isn't Verified!

In order to create a playlist on Sporcle, you need to verify the email address you used during registration. Go to your Sporcle Settings to finish the process.

Report this User

Report this user for behavior that violates our Community Guidelines.

Details: